00261nam a2200097Ia 4500003000400000008004100004100002400045245005700069260002900126300000800155OSt201103b ||||| |||| 00| 0 eng d aBARRINGER, Bruce R. aEntrepreneurship Successfully Launching New Ventures aN. DelhibPearson c2013 a608